| 000 | 01553nam a2200277 i 4500 | ||
|---|---|---|---|
| 001 | 154108 | ||
| 003 | ES-MaACL | ||
| 005 | 20250709073114.0 | ||
| 008 | 931025e1758 sp a |||| | spa d | ||
| 080 | _a 737.2(460) | ||
| 100 | 1 |
_aFlórez, Enrique, _d1702-1773 _eaut _9142679 |
|
| 245 | 1 | 0 |
_aMedallas de las colonias, municipios y pueblos antiguos de España : _bcoleccion de las que se hallan en diversos autores, y de otras nunca publicadas, con explicacion y dibujo de cada una; parte segunda / _cpor el R.P.M. Fr. Henriquez Florez, del Orden de S. Agustin |
| 260 |
_aEn Madrid : _ben la oficina de Antonio Marín, _c1758. |
||
| 300 |
_a[4], páginas 409-681, [3], [1] páginas, hojas XXIV-LVIII de grabados : _bilustraciones ; _c4º. |
||
| 530 | _aDisponible en formato digital | ||
| 596 | _aMarca tip. en port. (Vindel, 628) | ||
| 597 | _aSign. : [ ]\p2\s, 3F-3Z\p4\s, 4A-4Q\p4\s, 4R\p2\s. | ||
| 599 | _aLa h. de grab. calc. entre las p. 662 y 663: "Florez del., Peña f\pt\s", genealogía de los cesares ; las demas h. de grabs. calc. a final de texto: "Prieto has LVIII Tab. Sculp. Matriti 1757" representan monedas y medallas antiguas | ||
| 650 | 4 |
_aNumismática- _zEspaña. _9140095 |
|
| 700 | 1 |
_aMarín, Antonio, _eprm _9129682 _dfl. 1726-1784 |
|
| 752 |
_aEspaña - _dMadrid |
||
| 852 |
_aES-MaACL _cDEPO _dOlim: A-1016-18 _jR-203-05 _xPasta |
||
| 856 |
_uhttp://bdh-rd.bne.es/viewer.vm?id=0000045921&page=1 _yVersión en línea _z(Biblioteca Digital Hispánica) |
||
| 942 |
_2udc _cMONANT _n0 |
||
| 999 |
_c154108 _d154108 |
||